000 00888nam a2200253Ia 4500
003 OSt
005 20220923225211.0
006 a|||||r|||| 00| 0
007 ta
008 220922b |||||||| |||| 00| 0 hin d
024 _a259,798
037 _cTextual
040 _aARTS
_cARTS
_bhin
041 _2hin
_ahin
082 _aO152:f, K8
100 _aखण्डेलवाल, रामेश्वरलाल
245 0 _aशोध
_b तत्व और दृष्टि
246 _aShodha: tatva aur dṛuṣhṭi
260 _aगुजरात
_b सरदार पटेल युनिवर्सिटी प्र0
_c1968
300 _a142पृ.
_ccm.
650 _aहिन्दी साहित्य
_9156264
942 _hO152:f, K8
_cTEXL
_2CC
999 _c376690
_d376690